LDR 00951naa#a2200169#i#450# 001 RU\\bibl\122900 005 20260513020939.3 011 ## _a3034-4689 100 ## _a20260508b2026####ek#y0rusy0150####ca 102 ## _aRU 200 1# _aИЗОМЕРНЫЕ ПЕРФТОРОКОРРОЛЫ КАК ПЕРСПЕКТИВНЫЕ МАКРОЦИКЛИЧЕСКИЕ ЛИГАНДЫ: ГЕОМЕТРИЧЕСКИЕ, ЭЛЕКТРОННЫЕ И ТЕРМОДИНАМИЧЕСКИЕ ХАРАКТЕРИСТИКИ МОЛЕКУЛЯРНЫХ СТРУКТУР В РАМКАХ ТЕОРИИ ФУНКЦИОНАЛА ПЛОТНОСТИ _eЖурнальная статья 210 1# _aКазань _cКазанский национальный исследовательский технологический университет _d2026 215 ## _a9 с. 608 ## _aЖурнальная статья _2local 700 #1 _aМихайлов _gО В 700 #1 _aЧачков _gД В 856 4# _avestniktu.ru _u